[Event "Lagan Spring IM"]
[Site "Lagan"]
[Date "2019.04.01"]
[Round "2"]
[White "Shershakov, Dmitry"]
[Black "Pilavov, Georgy"]
[Result "0-1"]
[WhiteElo "2199"]
[BlackElo "2611"]
[PlyCount "94"]
[EventDate "2019.04.01"]
[EventType "tourn"]
[EventRounds "9"]
[EventCountry "RUS"]
[EventCategory "2"]
[SourceTitle "CBM 189 Extra"]
[Source "ChessBase"]
[SourceDate "2019.06.03"]
[SourceVersion "1"]
[SourceVersionDate "2019.06.03"]
[SourceQuality "1"]

1. e4 Nc6 2. Nf3 e5 3. d4 exd4 4. c3 dxc3 5. Bc4 d6 6. Nxc3 Be6 7. Bxe6 fxe6 8. Qb3 Qd7 9. Qxb7 Rb8 10. Qa6 g6 11. 0-0 Bg7 12. Rd1 Nge7 13. Qe2 0-0 14. Be3 h6 15. Rac1 g5 16. h3 Ng6 17. b3 Rb4 18. Qa6 Rxf3 19. gxf3 Nce5 20. f4 Nxf4 21. Bxf4 gxf4 22. Kh1 Kh7 23. Rg1 c6 24. Rg2 Rb8 25. Rcg1 Rg8 26. Qa3 Nf3 27. Qc1 e5 28. Rxg7+ Rxg7 29. Rxg7+ Qxg7 30. Qf1 Nd4 31. Ne2 f3 32. Ng3 Qg5 33. Qc4 Kg7 34. Qc3 h5 35. Qa5 h4 36. Qc7+ Kg6 37. Qxd6+ Kf7 38. Qd7+ Kf8 39. Qd6+ Ke8 40. Qb8+ Kd7 41. Qb7+ Kd6 42. Qb8+ Kc5 43. Qf8+ Kb5 44. a4+ Kb6 45. Qb4+ Kc7 46. Qa5+ Kd7 47. Qxa7+ Ke6 0-1

[Event "Golubitskaya"]
[Site "Golubitskaya"]
[Date "2017.07.23"]
[Round "3"]
[White "Vlasenko, Alexey"]
[Black "Shershakov, Dmitry"]
[Result "1-0"]
[WhiteElo "2437"]
[BlackElo "2242"]
[PlyCount "53"]
[EventDate "2017.07.22"]
[EventType "tourn"]
[EventRounds "9"]
[EventCountry "RUS"]
[EventCategory "2"]
[SourceTitle "CBM 179 Extra"]
[Source "ChessBase"]
[SourceDate "2017.08.23"]
[SourceVersion "1"]
[SourceVersionDate "2017.08.23"]
[SourceQuality "1"]

1. e4 c5 2. Nf3 d6 3. d4 Nf6 4. Nc3 cxd4 5. Nxd4 Nc6 6. f3 a6 7. Be3 d5 8. exd5 Nxd5 9. Nxd5 Qxd5 10. Bd3 Nxd4 11. Bxd4 Bd7 12. Be4 Qa5+ 13. Bc3 Qb6 14. Qd4 Qxd4 15. Bxd4 0-0-0 16. 0-0-0 e6 17. Bb6 Re8 18. Rd3 Bc6 19. Rhd1 Be7 20. Bxc6 bxc6 21. Rd7 Bg5+ 22. Kb1 Bd8 23. Bc5 f6 24. Rxg7 Bc7 25. Bd6 Bb6 26. Rf7 f5 27. c4 1-0

[Event "Dombai"]
[Site "Dombai"]
[Date "2014.01.12"]
[Round "8"]
[White "Shershakov, Dmitry"]
[Black "Pilavov, Georgy"]
[Result "0-1"]
[WhiteElo "2226"]
[BlackElo "2609"]
[PlyCount "72"]
[EventDate "2014.01.09"]
[EventType "tourn"]
[EventRounds "9"]
[EventCountry "RUS"]
[EventCategory "7"]
[SourceTitle "CBM 158 Extra"]
[Source "ChessBase"]
[SourceDate "2014.02.28"]
[SourceVersion "1"]
[SourceVersionDate "2014.02.28"]
[SourceQuality "1"]

1. e4 c5 2. Nf3 e6 3. d4 cxd4 4. Nxd4 Bc5 5. Nb3 Bb6 6. Nc3 Ne7 7. Bf4 0-0 8. Qd2 Nbc6 9. 0-0-0 f5 10. Bd6 Rf7 11. Bc4 fxe4 12. Nxe4 Nf5 13. Rhf1 Qh4 14. Rde1 Nxd6 15. Qxd6 Qf4+ 16. Kb1 Bc7 17. Qxf4 Rxf4 18. g3 Rxe4 19. Rxe4 d5 20. Bxd5 exd5 21. Re8+ Kf7 22. Rfe1 Rb8 23. R8e3 Bg4 24. f3 Bf5 25. Nd4 Nxd4 26. Re7+ Kf6 27. Rxc7 Rc8 28. Rxc8 Bxc8 29. Re3 Bf5 30. Rc3 b5 31. g4 Bxc2+ 32. Rxc2 Nxc2 33. Kxc2 Ke5 34. Kd3 g5 35. Ke3 d4+ 36. Kd3 Kf4 0-1

[Event "Dombai"]
[Site "Dombai"]
[Date "2014.01.10"]
[Round "4"]
[White "Kiselev, Vitaliy1111"]
[Black "Shershakov, Dmitry"]
[Result "1-0"]
[WhiteElo "2505"]
[BlackElo "2226"]
[PlyCount "57"]
[EventDate "2014.01.09"]
[EventType "tourn"]
[EventRounds "9"]
[EventCountry "RUS"]
[EventCategory "7"]
[SourceTitle "CBM 158 Extra"]
[Source "ChessBase"]
[SourceDate "2014.02.28"]
[SourceVersion "1"]
[SourceVersionDate "2014.02.28"]
[SourceQuality "1"]

1. d4 Nf6 2. c4 g6 3. Nc3 d5 4. cxd5 Nxd5 5. e4 Nxc3 6. bxc3 Bg7 7. Bb5+ Bd7 8. Bxd7+ Qxd7 9. Nf3 Qg4 10. 0-0 Qxe4 11. Qb3 0-0 12. Re1 Qc6 13. Rb1 b6 14. Rxe7 Bf6 15. Ne5 Bxe5 16. dxe5 Na6 17. Bh6 Nc5 18. Qc4 Qe4 19. Qxe4 Nxe4 20. Bxf8 Nxc3 21. Rb2 Kxf8 22. Rxc7 Nd5 23. Rd7 Nf4 24. Rc2 Ne6 25. h4 Nc5 26. Rc7 a5 27. Rb2 Ra6 28. Rd2 Ra8 29. Rd6 1-0

[Event "Dombai"]
[Site "Dombai"]
[Date "2014.01.10"]
[Round "3"]
[White "Shershakov, Dmitry"]
[Black "Zakharov, Roman"]
[Result "0-1"]
[WhiteElo "2226"]
[BlackElo "2305"]
[PlyCount "36"]
[EventDate "2014.01.09"]
[EventType "tourn"]
[EventRounds "9"]
[EventCountry "RUS"]
[EventCategory "7"]
[SourceTitle "CBM 158 Extra"]
[Source "ChessBase"]
[SourceDate "2014.02.28"]
[SourceVersion "1"]
[SourceVersionDate "2014.02.28"]
[SourceQuality "1"]

1. e4 e5 2. Nf3 Nc6 3. Bc4 Nf6 4. Ng5 d5 5. exd5 b5 6. dxc6 bxc4 7. Qe2 h6 8. Qxe5+ Be7 9. Nf3 0-0 10. 0-0 Bg4 11. Qf4 Bd6 12. Qxc4 Bxf3 13. gxf3 Rb8 14. a3 Qc8 15. Kg2 Qf5 16. d3 Qg6+ 17. Kh1 Qh5 18. f4 Ng4 0-1